STN EN 15037-2: 2009 [neplatná] (72 3021) Betónové prefabrikáty. Montované stropy z nosníkov a vložiek Časť 2 Betónové vložky

Táto norma je slovenskou verziou európskej normy EN 15037-2: 2009. Preklad zabezpečil Slovenský ústav technickej normalizácie. Má rovnaké postavenie ako majú oficiálne verzie

Bibliographic Details
Corporate Author: EMKA (Bratislava, Slovensko) (Author)
Other Authors: Polťáková-Krížiková, Emília (Translator)
Format: Book
Language:Slovak
English
PhysicalDescription:32 s. obr., tab. 30 cm
Published: Bratislava Slovenský ústav technickej normalizácie 2009
Subjects:

MARC

LEADER 00000nam a2200000 a 4500
001 vtls009957648
003 SK-MaSNL
005 20260302081205.0
008 160627s2009 xo ka f u 000 0 slo
015 |a SNBN2010/04-02829 
020 |c (cen. skup. 13) 
040 |a SNK  |b slo  |c SNK  |e AACR2 
041 1 |a slo  |h eng 
044 |a xo  |c SK 
046 |a m  |m 200910 (účin.)  |n 201108 
072 7 |a 666  |x Sklárstvo. Keramika. Cement  |2 konspekt 
072 7 |a 692  |x Konštrukčné prvky a časti stavieb  |2 konspekt 
080 |a 666.97  |2 2001 
080 |a 692.54  |2 2001 
080 |a 006.7/.8  |2 2001 
080 |a (437.6)  |2 2001 
080 |a (4)  |2 2001 
084 |a 91.100.30  |2 ICS 
130 0 |a STN 72 3021 [neplatná] (STN EN 15037-2)  |9 746446 
245 1 0 |a STN EN 15037-2: 2009 [neplatná] (72 3021) Betónové prefabrikáty. Montované stropy z nosníkov a vložiek  |n Časť 2  |p Betónové vložky  |c spracovateľ EMKA, Bratislava, Emília Polťáková-Krížiková 
246 1 0 |a Betónové prefabrikáty 
246 1 0 |a Montované stropy z nosníkov a vložiek. Časť 2 
246 1 0 |a Betónové vložky 
246 3 0 |a EN 15037-2: 2009 E 
260 |a Bratislava  |b Slovenský ústav technickej normalizácie  |c 2009 
300 |a 32 s.  |b obr., tab.  |c 30 cm 
500 |a Norma je nahradená normou STN EN 15037-2+A1 z augusta 2011 v celom rozsahu 
504 |a Citované normy, súvisiace právne predpisy s. 2 ; literatúra s. 32 
520 8 |a Táto norma je slovenskou verziou európskej normy EN 15037-2: 2009. Preklad zabezpečil Slovenský ústav technickej normalizácie. Má rovnaké postavenie ako majú oficiálne verzie 
540 |a STN vydané na akomkoľvek nosiči sa môžu rozmnožovať a rozširovať iba so súhlasom určenej právnickej osoby  |b SÚTN Bratislava  |c zákon 264/1999 Z.z. 
650 0 7 |a betónové prefabrikáty  |2 SVKBBPH  |9 179795 
650 0 7 |a stropy  |2 SVKBBPH  |9 73547 
650 0 7 |a technické normy a štandardy  |z Slovensko  |2 SVKBBPH  |9 79594 
650 0 7 |a technické normy a štandardy  |z krajiny Európskej únie  |2 SVKBBPH  |9 289341 
655 7 |a normy  |2 SVKBBPH  |9 70643 
700 1 |a Polťáková-Krížiková, Emília  |4 trl  |9 322104 
710 2 |a EMKA (Bratislava, Slovensko)  |4 aut  |9 322105 
710 2 |a Slovenský ústav technickej normalizácie (Bratislava, Slovensko)  |b TK 5 Betónové konštrukcie  |4 stn  |9 325766 
774 1 8 |t STN EN ISO 15037-2-+A1: 2011  |d Bratislava: Slovenský ústav technickej normalizácie, 2011  |w vtls010303172 
852 |a Štátna vedecká knižnica v Banskej Bystrici 
958 |a OP 
958 |a NB 
999 |c 1175521  |d 1177451 
952 |a SNK  |b SNK  |y PREZ  |7 0  |p 17A0665245  |o snkSTN EN 15037-2  |i snk2010/14402  |8 0  |0 0  |1 0  |4 0  |d 2010-06-30  |l 0  |r 2026-02-24 21:20:34  |w 2026-02-24 
952 |a SNK  |b SNK  |y PREZ  |7 0  |p 17A0665244  |o snkSTN EN 15037-2 D1  |i snk2010/14403  |8 0  |0 0  |1 0  |4 0  |d 2010-06-30  |l 0  |r 2026-02-24 21:20:34  |w 2026-02-24